000 01352nam0a22002531 4500
001 rc\4675518
005 20130416204812.0
035 _a(NLR Aleph) 008422561
090 _a9366214
_c9366214
100 _a20130416d1958 |||y0rusy50 ca
101 0 _arus
102 _aRU
105 _ay j |||||
200 1 _aЗаконодательство о военной службе в странах народной демократии
_eУчебно-методическое пособие
_fВоен.-полит. ордена Ленина Краснознам. акад. им. В. И. Ленина. Кафедра воен. администрации и административного права
210 _aМосква
_cБ. и.
_d1958
215 _a54 с.
_d20
300 _aПеред загл. авт.: доц. подполк. юстиции А.Н. Поздняков
320 _aЛитература к теме: "Основные вопросы создания, устройства, управления и воинской службы в вооруженных силах стран народной демократии": с. 50-55
700 1 _aПоздняков
_bА. Н.
_gАлександр Николаевич
801 0 _aRU
_bNLR
_gpsbo
801 1 _aRU
_bELAR
_2rusmarc
852 _aNLR
_j58-4/14615
942 _cBOOK
980 _aNB